| 000 | 00511nam a2200193 4500 | ||
|---|---|---|---|
| 005 | 20241023152940.0 | ||
| 010 | _aENG-142346 | ||
| 020 | _c150.00 | ||
| 035 | _aEN-125878 | ||
| 037 | _bDBAD | ||
| 082 | _a954 | ||
| 245 |
_aUnderstanding India/ _bEdited by S. Kumar and B. Rajalakshmi |
||
| 250 | _aFirst | ||
| 260 |
_c2024 _bBharathi Books Publishers |
||
| 300 |
_a196p. _c21cm(pb) |
||
| 700 |
_aS.Kumar _973277 |
||
| 700 |
_aB. Rajalakshmi _973278 |
||
| 942 |
_2ddc _cEN _h954 _mUND _e2024 |
||
| 999 |
_c206645 _d206645 |
||